Syncrétisme, purification et mission en Amérique latine
Le séminaire a été consacré à l’examen du terme syncrétisme, de sa dévalorisation et de l’intérêt théorique qu’il retient malgré tout. Le « syncrétisme » semble encourir les mêmes erreurs que le concept de « métissage » : il naturalise les processus religieux, les dérobant à leur enjeu politique. Le...
| Main Author: | |
|---|---|
| Format: | Electronic Article |
| Language: | French |
| Check availability: | HBZ Gateway |
| Interlibrary Loan: | Interlibrary Loan for the Fachinformationsdienste (Specialized Information Services in Germany) |
| Published: |
2020
|
| In: |
Annuaire
Year: 2020, Volume: 127, Pages: 491-500 |
| Further subjects: | B
Anthropologie religieuse de l’Amérique latine
|
| Online Access: |
Volltext (kostenfrei) Volltext (kostenfrei) |
MARC
| LEADER | 00000naa a22000002c 4500 | ||
|---|---|---|---|
| 001 | 1806996537 | ||
| 003 | DE-627 | ||
| 005 | 20220615052617.0 | ||
| 007 | cr uuu---uuuuu | ||
| 008 | 220615s2020 xx |||||o 00| ||fre c | ||
| 024 | 7 | |a 10.4000/asr.3517 |2 doi | |
| 035 | |a (DE-627)1806996537 | ||
| 035 | |a (DE-599)KXP1806996537 | ||
| 040 | |a DE-627 |b ger |c DE-627 |e rda | ||
| 041 | |a fre | ||
| 084 | |a 0 |2 ssgn | ||
| 100 | 1 | |a Calavia Sáez, Oscar |e VerfasserIn |4 aut | |
| 109 | |a Calavia Sáez, Oscar |a Calavia-Sáez, Oscar |a Sáez, Oscar Calavia | ||
| 245 | 1 | 0 | |a Syncrétisme, purification et mission en Amérique latine |
| 264 | 1 | |c 2020 | |
| 336 | |a Text |b txt |2 rdacontent | ||
| 337 | |a Computermedien |b c |2 rdamedia | ||
| 338 | |a Online-Ressource |b cr |2 rdacarrier | ||
| 520 | |a Le séminaire a été consacré à l’examen du terme syncrétisme, de sa dévalorisation et de l’intérêt théorique qu’il retient malgré tout. Le « syncrétisme » semble encourir les mêmes erreurs que le concept de « métissage » : il naturalise les processus religieux, les dérobant à leur enjeu politique. Le terme reste pourtant résilient, même dans le vocabulaire de ses critiques. Le panorama récent de l’Amérique latine a été marqué par des essais de purification des traditions religieuses subalternes et par des tendances syncrétisantes identifiées loin des niches habituelles. Le syncrétisme est compris, dans ce séminaire, non comme un espace interstitiel du champ religieux, mais comme une approche heuristique qui privilégie l’orientation vers l’extérieur de toute pratique ou institution religieuse. | ||
| 601 | |a Mission | ||
| 650 | 4 | |a Anthropologie religieuse de l’Amérique latine | |
| 773 | 0 | 8 | |i Enthalten in |a École pratique des hautes études. Section des sciences religieuses |t Annuaire |d Paris : Sorbonne, 2008 |g 127(2020), Seite 491-500 |h Online-Ressource |w (DE-627)593558464 |w (DE-600)2483077-X |w (DE-576)304143545 |x 1969-6329 |7 nnas |
| 773 | 1 | 8 | |g volume:127 |g year:2020 |g pages:491-500 |
| 856 | 4 | 0 | |u https://doi.org/10.4000/asr.3517 |x Resolving-System |z kostenfrei |3 Volltext |7 0 |
| 856 | 4 | 0 | |u https://journals.openedition.org/asr/3517 |x Verlag |z kostenfrei |3 Volltext |7 0 |
| 935 | |a mteo | ||
| 951 | |a AR | ||
| ELC | |a 1 | ||
| LOK | |0 000 xxxxxcx a22 zn 4500 | ||
| LOK | |0 001 414999840X | ||
| LOK | |0 003 DE-627 | ||
| LOK | |0 004 1806996537 | ||
| LOK | |0 005 20220615052617 | ||
| LOK | |0 008 220615||||||||||||||||ger||||||| | ||
| LOK | |0 035 |a (DE-Tue135)IxTheo#2022-05-31#8D87D4951C08CB1D551BB75447BA22BE78633FED | ||
| LOK | |0 040 |a DE-Tue135 |c DE-627 |d DE-Tue135 | ||
| LOK | |0 092 |o n | ||
| LOK | |0 852 |a DE-Tue135 | ||
| LOK | |0 852 1 |9 00 | ||
| LOK | |0 935 |a ixzs |a ixrk |a zota | ||
| LOK | |0 939 |a 15-06-22 |b l01 | ||
| OAS | |a 1 | ||
| ORI | |a SA-MARC-ixtheoa001.raw | ||
| REL | |a 1 | ||
| SUB | |a REL | ||



